THE LORD OF THE RINGS (Record no. 4040)
[ view plain ]
| 000 -LEADER | |
|---|---|
| fixed length control field | 00554nam a22001457a 4500 |
| 020 ## - INTERNATIONAL STANDARD BOOK NUMBER | |
| ISBN | 978-0-00-727350-8 |
| 082 ## - DEWEY DECIMAL CLASSIFICATION NUMBER | |
| Classification number | 823 |
| Item number | TOL/L |
| 100 ## - MAIN ENTRY--AUTHOR NAME | |
| Personal name | TOLKIEN, J R R |
| 245 ## - TITLE STATEMENT | |
| Title | THE LORD OF THE RINGS |
| 260 ## - PUBLICATION, DISTRIBUTION, ETC. (IMPRINT) | |
| Place of publication | LONDON |
| Name of publisher | HARPER COLLINS |
| Year of publication | 2005 |
| 300 ## - PHYSICAL DESCRIPTION | |
| Number of Pages | 1176 |
| 520 ## - SUMMARY, ETC. | |
| Summary, etc | A hobbit named Frodo inherits the One Ring, which can destroy the entire world. With the recently reawakened evil being Sauron after the ring to cement his reign, Frodo joins with eight others to destroy the Ring and defeat Sauron. |
| 650 ## - SUBJECT ADDED ENTRY--TOPICAL TERM | |
| Topical Term | NOVEL |
| Geographic subdivision | UNITED KINGDOM |
| 942 ## - ADDED ENTRY ELEMENTS (KOHA) | |
| Koha item type | Books |
| Withdrawn status | Lost status | Collection code | Home library | Current library | Shelving location | Date acquired | Source of acquisition | Full call number | Accession Number | Koha item type |
|---|---|---|---|---|---|---|---|---|---|---|
| Fiction | Main Library | Main Library | 16/01/2019 | purchase | 823 TOL/L | 10423 | Books |